| 000 | 01970cam a2200289 4500 | ||
|---|---|---|---|
| 001 | L124423 | ||
| 008 | 031121n2003 000 0 eng u | ||
| 020 | _a0421228202 | ||
| 035 | _a(Sirsi) u124423 | ||
| 041 | 0 | _aeng | |
| 050 | 0 | 4 | _a346.410434 $2 18 |
| 245 | 0 | 0 |
_aWoodfall _blandlord and tenant |
| 260 |
_aLondon _bThomsom Sweet and Maxwell _c2003- |
||
| 300 |
_a5 _fv. (loose-leaf) _c26cm |
||
| 350 | _a530 | ||
| 505 | 2 | _aThe relationship of landlord and tenant -- Who may grant leases -- To whom leases may be granted -- Agreement for lease -- The lease -- Species of tenancy -- Rent -- Rent review -- Distress for rent and recovery of rent by action -- Compensation for use and occupation -- Covenants -- Rates, taxes, charges and outgoings -- Repairs -- Easements, sporting rights and game -- Rights and liabilities as between landlord or tenant and third parties -- Assignment, sub-lease and devolution of leases -- Determination of the tenancy -- Options to renew and options to purchase -- Rights and liabilities on determination of tenancy - recovery of the premises by the landlord -- Agricultural tenancies -- Business tenancies -- The Rent Acts -- Assured tenancies -- Secure tenancies -- Enfranchisement and extension of long leases under the Leasehold Reform Act 1967 -- The right to buy -- Tenants rights under Landlord and Tenant Act 1987 -- Enfranchisement by leaseholders of flats | |
| 520 | _aCovers all aspects of landlord and tenant including case law and legislation. | ||
| 520 | _aThis looseleaf is up-to-date as at August 2009. We have cancelled our subscription and will remove this title from our collection when it becomes out-of-date. Please ask a member of staff for more details. | ||
| 651 | 4 |
_aEngland and Wales _y1543- |
|
| 690 |
_aLandlord and tenant _96252 |
||
| 700 | 1 | _aLewison, Kim | |
| 700 | 1 | _aBrock, Jonathan | |
| 700 | 1 | _aDowding, Nicholas | |
| 700 | 1 | _aMorgan, Paul | |
| 700 | 1 | _aRodger, Martin | |
| 942 | _n0 | ||
| 999 |
_c103227 _d103227 |
||